Textbook of pediatric nursing for Bsc Nursing students (As per the syllabus of INC)

Salvato in:
Dettagli Bibliografici
Autore principale: SINGH, Meharban Kalia, Raman
Natura: Libro
Lingua:inglese
Pubblicazione: CBS Publishers 2019
Tags: Aggiungi Tag
Nessun Tag, puoi essere il primo ad aggiungerne!!

MARC

LEADER 00000nam a22000007a 4500
008 240528b |||||||| |||| 00| 0 eng d
020 |a 9789388108720 
100 |a SINGH, Meharban  |a Kalia, Raman 
245 |a Textbook of pediatric nursing for Bsc Nursing students (As per the syllabus of INC)  |c Meharban Singh, Raman Kalia  |g xx,604p. 
260 |b CBS Publishers  |c 2019  |h New Delhi  |i 701057  |i 701058  |l RJ245.Si6  |m Pediatric nursing 
500 |a It includes index 
942 |a lcc  |c BK  |e Adeyemo O.O  |f 28/05/2024 
952 |0 0  |1 0  |2 lcc  |4 0  |6 RJ0245 S I6  |7 0  |9 5194  |a HE  |b HOL  |c QZ  |d 2024-05-28  |l 0  |o RJ245.Si6  |p 2024-0440  |r 2024-05-28 00:00:00  |t 701058  |w 2024-05-28  |y BK 
952 |0 0  |1 0  |2 lcc  |4 0  |6 RJ0245 S I6  |7 0  |9 5195  |a HE  |b HOL  |c QZ  |d 2024-05-28  |l 0  |o RJ245.Si6  |p 2024-0441  |r 2024-05-28 00:00:00  |t 701057  |w 2024-05-28  |y BK 
999 |c 2580  |d 2580